SVITEK, Viktor matematik, univerzitný profesor (22. 4. 1908 Dohňany, okr. Považská Bystrica - 13. 6. 1971 Bratislava)

Bibliographic Details
Format: Article
Language:Slovak
ISBN:8070902167 viaz
Subjects:

MARC

LEADER 00000caa a2200000 a 4500
001 vtls010924635
003 SK-MaSNL
005 20260426023531.0
008 220808|1992 xo |||||||||||||||||slo|
015 |a SNBRA 
035 |a (urnnbn)urn:nbn:sk:snk:ar-a0d2ob 
035 |a (uuid)e43e61b6-8823-4eb1-8b3a-e424e53080cc 
035 |a urn:nbn:sk:snk-aatrdr 
040 |a SNKBUCL  |b slo  |c SNKBUCL  |e AACR2 
041 0 |a slo 
044 |a xo  |c SK 
080 |a 51-051  |2 2011 
080 |a 929  |2 2011 
245 0 0 |a SVITEK, Viktor  |b matematik, univerzitný profesor (22. 4. 1908 Dohňany, okr. Považská Bystrica - 13. 6. 1971 Bratislava) 
600 1 7 |a Svitek, Viktor,  |d 1908-1971  |2 SNKMA  |9 38447 
650 0 7 |a matematici  |2 SNKPH  |9 66854 
651 7 |a Slovensko  |2 SNKPHgeo  |9 14231 
655 7 |a biografické heslá  |2 SNKPH  |9 368942 
773 0 |t Slovenský biografický slovník : (od roku 833 do roku 1990). V. zväzok, R-Š  |d Martin : Matica slovenská, 1992  |g S. 389  |z 8070902167 viaz 
954 |a odborná, vedecká literatúra pôvodná (slovenská)  |2 lita 
958 |a OND 
958 |a BX 
958 |a article25 
958 |a chapter 
999 |c 1345913  |d 1347843